| 000 | 01063nab a22002297a 4500 | ||
|---|---|---|---|
| 999 |
_c5929 _d5929 |
||
| 003 | OSt | ||
| 005 | 20260114010500.0 | ||
| 008 | 190605e xxu||||| |||| 00| 0 spa d | ||
| 040 | _cPJ | ||
| 100 |
_95135 _aGabet, Alejandro |
||
| 245 | 1 | 3 |
_aLa necesidad de incorporar elementos indiciarios de los actos discriminatorios denunciados / _cAlejandro Gabet. |
| 260 |
_aCiudad Autónoma de Buenos Aires : _bThomson Reuters La Ley, _c2024. |
||
| 300 | _ap. 155-157 | ||
| 500 | _aCita: TR LALEY AR/DOC/3046/2023. | ||
| 505 | _t¿Te interesa el texto completo? Solicitalo al correo: koha@justierradelfuego.gov.ar | ||
| 505 | _aFallo comentado: CNTrab., sala X ~ 23/10/2023 ~ Lione Diaz, José Domingo c. Compañía De Transporte Vecinal S.A. Sargento Cabral S.A.T. U.T. s/ juicio sumarísimo. | ||
| 650 | 0 |
_91316 _aDERECHO LABORAL |
|
| 650 | 0 |
_91533 _aDESPIDO |
|
| 650 | 0 |
_91576 _aDISCRIMINACION |
|
| 773 | 0 |
_02711 _93168 _dCiudad Autónoma de Buenos Aires : Thomson Reuters La Ley, 1999-2002. _tRevista de derecho del trabajo. Nº 1 - Enero 2024 |
|
| 942 |
_2udc _cANA |
||